Maritime private security : (Record no. 3115)
[ view plain ]
| 000 -LEADER | |
|---|---|
| fixed length control field | 01865cam a2200421Ii 4500 |
| 008 - FIXED-LENGTH DATA ELEMENTS--GENERAL INFORMATION | |
| fixed length control field | 180706s2012 enk ob 001 0 eng d |
| 020 ## - INTERNATIONAL STANDARD BOOK NUMBER | |
| International Standard Book Number | 9780203126608 |
| Qualifying information | (e-book : PDF) |
| 020 ## - INTERNATIONAL STANDARD BOOK NUMBER | |
| International Standard Book Number | 9781136457142 |
| Qualifying information | (e-book: Mobi) |
| 020 ## - INTERNATIONAL STANDARD BOOK NUMBER | |
| International Standard Book Number | 9781136457180 |
| Qualifying information | (e-book: ePub) |
| 020 ## - INTERNATIONAL STANDARD BOOK NUMBER | |
| International Standard Book Number | 9781136457197 |
| Qualifying information | (e-book: PDF) |
| 020 ## - INTERNATIONAL STANDARD BOOK NUMBER | |
| Qualifying information | (hardback) |
| 020 ## - INTERNATIONAL STANDARD BOOK NUMBER | |
| Qualifying information | (paperback) |
| 040 ## - CATALOGING SOURCE | |
| Original cataloging agency | IMU Kochi Library |
| Language of cataloging | eng |
| 041 0# - LANGUAGE CODE | |
| Language code of text/sound track or separate title | eng |
| 082 04 - DEWEY DECIMAL CLASSIFICATION NUMBER | |
| Classification number | 363.287 |
| Item number | M342 |
| 245 00 - TITLE STATEMENT | |
| Title | Maritime private security : |
| Sub Title | market responses to piracy, terrorism and waterborne security risks in the 21st century / |
| 300 ## - PHYSICAL DESCRIPTION | |
| Extent | 1 online resource (xix, 249 pages) |
| 490 1# - SERIES STATEMENT | |
| Series statement | CASS series : naval policy and history ; |
| Volume number/sequential designation | 48 |
| 504 ## - BIBLIOGRAPHY, ETC. NOTE | |
| Bibliography, etc | Includes bibliographical references (pages [224]-240) and index. |
| 505 0# - FORMATTED CONTENTS NOTE | |
| Formatted contents note | pt. 1. The historical and contemporary market in maritime private security services -- pt. 2. The emergence of private anti-piracy escorts in the commercial sector -- pt. 3. The privatization of Coast Guard services -- pt. 4. Private security responses to maritime terrorism -- pt. 5. Conclusions and future directions. |
| 650 #0 - SUBJECT ADDED ENTRY--TOPICAL TERM | |
| Topical term or geographic name as entry element | Merchant marine |
| General subdivision | Security measures. |
| 650 #0 - SUBJECT ADDED ENTRY--TOPICAL TERM | |
| Topical term or geographic name as entry element | Private security services. |
| 650 #0 - SUBJECT ADDED ENTRY--TOPICAL TERM | |
| Topical term or geographic name as entry element | Armed merchant ships. |
| 650 #0 - SUBJECT ADDED ENTRY--TOPICAL TERM | |
| Topical term or geographic name as entry element | Shipping |
| General subdivision | Security measures. |
| 650 #0 - SUBJECT ADDED ENTRY--TOPICAL TERM | |
| Topical term or geographic name as entry element | Piracy |
| General subdivision | Prevention. |
| 650 #0 - SUBJECT ADDED ENTRY--TOPICAL TERM | |
| Topical term or geographic name as entry element | Maritime terrorism |
| General subdivision | Prevention. |
| 700 1# - ADDED ENTRY--PERSONAL NAME | |
| Personal name | Berube, Claude G., |
| Dates associated with a name | 1966- |
| 700 1# - ADDED ENTRY--PERSONAL NAME | |
| Personal name | Cullen, Patrick, |
| Dates associated with a name | 1974- |
| 830 #0 - SERIES ADDED ENTRY--UNIFORM TITLE | |
| Uniform title | Cass series--naval policy and history ; |
| Volume number/sequential designation | 48. |
| 852 ## - LOCATION/CALL NUMBER | |
| Location | IMU Kochi Library |
| 856 40 - ELECTRONIC LOCATION AND ACCESS | |
| Uniform Resource Identifier | <a href="https://www.taylorfrancis.com/books/9781136457197">https://www.taylorfrancis.com/books/9781136457197</a> |
| Public note | Click here to view. |
| 904 ## - LOCAL DATA ELEMENT D, LDD (RLIN) | |
| CATALOGER | Rudra Ranjan |
| 905 ## - LOCAL DATA ELEMENT E, LDE (RLIN) | |
| VERIFIER | Rudra Ranjan |
| 942 ## - ADDED ENTRY ELEMENTS (KOHA) | |
| Item type | E-Book |
| 264 #1 - | |
| -- | Abingdon, Oxon : |
| -- | Routledge, |
| -- | 2012. |
No items available.